书目信息 |
| 题名: |
城市生态可持续发展规划
|
|
| 作者: | 杨志峰 , 杨志峰 著 | |
| 分册: | ||
| 出版信息: | 北京 科学出版社 2004.6 |
|
| 页数: | 243页 | |
| 开本: | 26cm | |
| 丛书名: | ||
| 单 册: | ||
| 中图分类: | X321.265.101.3 | |
| 科图分类: | ||
| 主题词: | 生态环境--城市规划: 生态规划--广州市 , 城市规划 , 生态规划 | |
| 电子资源: | ||
| ISBN: | 7-03-012993-8 | |
| 000 | 00903nam0 2200277 45 | |
| 001 | 012004000000 | |
| 005 | 20050104103049.43 | |
| 010 | @a7-03-012993-8@b精装@dCNY 70.00 | |
| 100 | @a20041210d2004 em y0chiy0121 ea | |
| 101 | 0 | @achi |
| 102 | @aCN@b110000 | |
| 105 | @aak z 000yy | |
| 200 | 1 | @a城市生态可持续发展规划@Acheng shi sheng tai ke chi xu fa zhan gui hua@f杨志峰等著@Fyang zhi feng deng zhu |
| 210 | @a北京@c科学出版社@d2004.6 | |
| 215 | @a243页@c图, 表格@d26cm | |
| 300 | @a国家科学技术学术著作出版基金资助出版 | |
| 304 | @a本书的其他著者: 何孟常, 毛显强, 鱼京善, 吴乾钊 | |
| 320 | @a附参考文献 | |
| 606 | 0 | @a生态环境@x城市规划: 生态规划@y广州市 |
| 606 | 0 | @a城市规划 |
| 606 | 0 | @a生态规划 |
| 690 | @aX321.265.101.3@v4 | |
| 701 | 0 | @a杨志峰@Ayang zhi feng@4著 |
| 701 | 0 | @a杨志峰@Ayang zhi feng@4著 |
| 801 | 0 | @aCN@bQSSKw@c20050104 |
| 905 | @a10447@dX321.265.101.3@eY330 | |
| 城市生态可持续发展规划/杨志峰等著.-北京:科学出版社,2004.6 |
| 243页:图, 表格;26cm |
| 国家科学技术学术著作出版基金资助出版 |
| ISBN 7-03-012993-8(精装):CNY 70.00 |
| ● |
| 相关链接 |
|
|
|
正题名:城市生态可持续发展规划
索取号:X321.265.101.3/Y330
 
预约/预借
| 序号 | 登录号 | 条形码 | 馆藏地/架位号 | 状态 | 备注 |
| 1 | 434001 | 204340016 | 市政与环境工程学院资料室/ [索取号:X321.265.101.3/Y330] | 在馆 | |
| 2 | 434002 | 204340025 | 市政与环境工程学院资料室/ [索取号:X321.265.101.3/Y330] | 在馆 | |
| 3 | 434003 | 204340034 | 自科二线504/504自科库 20排1列2层/ [索取号:X321.265.101.3/Y330] | 在馆 |